000 00573nam a2200193 a 4500
005 20210219152851.0
008 991125n 000 0 eng u
035 _aUPN01000064152
100 _aCohn, Debra S.
222 _aCHILD ABUSE AND NEGLECT :
_bTHE INTERNATIONAL JOURNAL
245 _aAnatomical doll play of preschoolers referred for sexual abuse and those no referred
300 _a455-466
362 _a1991 15, no. 4
653 0 _aABUSO SEXUAL
653 0 _aDIAGNOSTICO CLINICO
653 0 _aNINO MALTRATADO
904 _aAC
_b001963
905 _aArticulo
999 _c62450
_d62450